Cancons del Album "La Calcotada" - Statistics

General Stats
  • This quiz has been taken 22 times
  • The average score is 10 of 20
Answers on the Grid
Answers color-coded by a green-red scale on the quiz's grid according to % correct below.
Es ven
Xalala
Filet
Que no s'acabi
La salsa
Si tu m'ho demanes
Mussegu
Xtraterrestres (na de na)
El Vermutillu
M'equibocava
Aurora
Diabla
Xampany i galetes
Solucions i no problemes
4 kissus
Desbocat
Bacaneria
Mala sang
Umami
Il mio canto d'amore
La marina sta morena
Volcans
Tandem
No es miami
Caminem lluny
Pais petit
Ja dormire
Barcelona s'ilumina
Ja no fa mal
Juga juga!
 
Answer Stats
Answer % Correct
El Vermutillu
71%
Que no s'acabi
71%
4 kissus
57%
Aurora
57%
La salsa
57%
Mala sang
57%
Mussegu
57%
Si tu m'ho demanes
57%
Xalala
57%
Bacaneria
43%
Desbocat
43%
Diabla
43%
Es ven
43%
Filet
43%
Il mio canto d'amore
43%
M'equibocava
43%
Solucions i no problemes
43%
Umami
43%
Xampany i galetes
43%
Xtraterrestres (na de na)
43%
No matching quizzes found
Score Distribution
Percent of People with Each Score
Percentile by Number Answered
Your Score History
You have not taken this quiz